• AIU
  • Tony Wilmot Memorial Library

Ecorit aŋejuk (Record no. 64591)

MARC details
000 -LEADER
fixed length control field 00256nam a2200109 4500
082 0# - DEWEY DECIMAL CLASSIFICATION NUMBER
Classification number 225.5
242 00 - TRANSLATION OF TITLE BY CATALOGING AGENCY
Title The New Testament in Latuka
245 11 - TITLE STATEMENT
Title Ecorit aŋejuk
260 ## - PUBLICATION, DISTRIBUTION, ETC. (IMPRINT)
Place of publication, distribution, etc Khartoum
Name of publisher, distributor, etc United Bible Societies
Date of publication, distribution, etc c.1969
300 ## - PHYSICAL DESCRIPTION
Extent 494 p.
942 ## - ADDED ENTRY ELEMENTS (KOHA)
Source of classification or shelving scheme
Koha item type Books

No items available.